Score 0/7 Timer 04:00
0 Plays Today
% Correct
LIVID
64.2%
CIVIL
59.6%
CIVIC
59.1%
VIVID
33.7%
MIMIC
31.1%
VILLI
9.8%
IMMIX
3.6%

You're not logged in!

Compare scores with friends on all Sporcle quizzes.
OR
Log In

Sporcle TV

Today on Sporcle TV


Watch our educational content, quiz creation guides, and fun videos on Sporcle TV.

Show Comments

Extras

Top Quizzes Today


Score Distribution

Paid Content

Your Account Isn't Verified!

In order to create a playlist on Sporcle, you need to verify the email address you used during registration. Go to your Sporcle Settings to finish the process.

Report this User

Report this user for behavior that violates our Community Guidelines.

Details: